Vplyv eGovernment-u na Slovensku na podnikateľské subjekty diplomová práca

Gespeichert in:
Bibliographische Detailangaben
1. Verfasser: Václavíková, Nikola
Körperschaft: Fakulta podnikového manažmentu EU. Katedra informačného manažmentu
Weitere Verfasser: Černý, Matej, 1982-
Format: Buch
Sprache:Slowakisch
Veröffentlicht: Bratislava 2022
Tags: Tag hinzufügen
Keine Tags, Fügen Sie das erste Tag hinzu!

MARC

LEADER 00000nbm a2200000 4500
001 0285625
005 20230413141636.7
041 0 |a slo 
044 |a SK 
245 1 0 |a Vplyv eGovernment-u na Slovensku na podnikateľské subjekty  |b diplomová práca  |c Nikola Václavíková ; školiteľ: Matej Černý 
264 1 |a Bratislava  |c 2022 
300 |a 73 s. 
100 1 |a Václavíková, Nikola 
700 1 |a Černý, Matej, 1982- 
710 2 |a Fakulta podnikového manažmentu EU. Katedra informačného manažmentu